000 00563nam a2200229Ia 4500
003 OSt
005 20220918184446.0
006 a|||||r|||| 00| 0
007 ta
008 220917b |||||||| |||| 00| 0 eng d
024 _a46,658
037 _cTextual
040 _aARTS
_cARTS
_beng
041 _2eng
_aeng
082 _aO111:g, K2;K5
100 _aNarasimhaiah C D
245 0 _aLiterary criterion
260 _c1965
650 _aENGLISH LITERATURE
942 _hO111:g, K2;K5
_cTEXL
_2CC
999 _c176579
_d176579